| 000 | 00502nam a2200181Ia 4500 | ||
|---|---|---|---|
| 001 | 3828 | ||
| 005 | 20260306145712.0 | ||
| 008 | 260306t2001||||xx |||||||||||||| ||spa|| | ||
| 041 | _aESP | ||
| 082 |
_a303.485 _bP45 |
||
| 100 |
_aPérez-Mallaína Bueno, Pablo Emilio _eAUT |
||
| 245 | 0 |
_aRetrato de una ciudad en crisis: _bla sociedad limeña ante el movimiento sísmico de 1746 |
|
| 260 | _c2001 | ||
| 300 |
_a477 páginas : _c24 cm. |
||
| 650 | _aGEN | ||
| 654 | _aCHU | ||
| 942 |
_cLIB _dJUS _fJUS _2ddc _n |
||
| 999 |
_c3828 _d3828 |
||